Movies of 1991 Quiz Stats

 Plays Quiz Updated Apr 30, 2018

Score 0/16 Timer 06:00
1 Play Today
Picture Movie % Correct
Beauty and the Beast
98.7%
Hook
93%
Silence of the Lambs
90%
Terminator 2: Judgment Day
87.2%
Thelma and Louise
86.2%
The Addams Family
81.1%
Father of the Bride
69%
Point Break
63.5%
Picture Movie % Correct
The Naked Gun 2½
59.9%
City Slickers
57.8%
JFK
56.5%
Boyz n the Hood
46.8%
What About Bob?
42.4%
Cape Fear
40.4%
Barton Fink
27.7%
Sleeping with the Enemy
16.4%

You're not logged in!

Compare scores with friends on all Sporcle quizzes.
OR
Log In

Sporcle TV

Today on Sporcle TV


Watch our educational content, quiz creation guides, and fun videos on Sporcle TV.

Show Comments

Extras

Top Quizzes Today


Score Distribution

Your Account Isn't Verified!

In order to create a playlist on Sporcle, you need to verify the email address you used during registration. Go to your Sporcle Settings to finish the process.

Report this User

Report this user for behavior that violates our Community Guidelines.

Details: